[Event "WYCC Open U18"]
[Site "Porto Carras"]
[Date "2015.10.28"]
[Round "4.7"]
[White "Iovcov, Valerii"]
[Black "Khodashenas, Mersad"]
[Result "1/2-1/2"]
[BlackElo "2350"]
[WhiteElo "2421"]
[LiveChessVersion "1.4.6"]

1. e4 {[%clk 1:30:56]} e5 {[%clk 1:30:53]} 2. Bc4 {[%clk 1:31:16]} Nf6
{[%clk 1:31:13]} 3. d3 {[%clk 1:31:36]} c6 {[%clk 1:30:47]} 4. Nf3
{[%clk 1:32:00]} d5 {[%clk 1:30:36]} 5. Bb3 {[%clk 1:32:25]} Bd6 {[%clk 1:29:37]}
6. Nc3 {[%clk 1:32:25]} dxe4 {[%clk 1:29:20]} 7. Ng5 {[%clk 1:28:44]} O-O
{[%clk 1:29:39]} 8. Ncxe4 {[%clk 1:29:00]} Nxe4 {[%clk 1:29:50]} 9. Nxe4
{[%clk 1:29:25]} Bf5 {[%clk 1:30:07]} 10. O-O {[%clk 1:22:13]} Na6
{[%clk 1:25:43]} 11. Nxd6 {[%clk 1:04:52]} Qxd6 {[%clk 1:26:04]} 12. Be3
{[%clk 1:03:45]} Nc5 {[%clk 1:08:44]} 13. Qf3 {[%clk 0:56:59]} Bg6
{[%clk 1:05:44]} 14. Bxc5 {[%clk 0:57:25]} Qxc5 {[%clk 1:06:02]} 15. h4
{[%clk 0:53:28]} a5 {[%clk 1:00:18]} 16. a4 {[%clk 0:53:10]} h5 {[%clk 0:55:34]}
17. Rae1 {[%clk 0:42:28]} Rae8 {[%clk 0:43:49]} 18. Re3 {[%clk 0:40:43]} Qd4
{[%clk 0:40:53]} 19. Rfe1 {[%clk 0:38:39]} Kh7 {[%clk 0:39:22]} 20. c3
{[%clk 0:35:45]} Qb6 {[%clk 0:25:28]} 21. Qd1 {[%clk 0:36:09]} f6
{[%clk 0:22:54]} 22. Rg3 {[%clk 0:27:55]} Qc7 {[%clk 0:16:57]} 23. d4
{[%clk 0:24:14]} e4 {[%clk 0:12:19]} 24. Qd2 {[%clk 0:14:04]} Bf7
{[%clk 0:11:37]} 25. Bc2 {[%clk 0:14:06]} Bg6 {[%clk 0:06:13]} 26. Bb3
{[%clk 0:05:47]} Bf7 {[%clk 0:06:36]} 27. Bc2 {[%clk 0:04:18]} Bg6
{[%clk 0:07:05]} 28. c4 {[%clk 0:04:29]} Re7 {[%clk 0:05:02]} 29. d5
{[%clk 0:04:44]} Rd8 {[%clk 0:04:54]} 30. Rd1 {[%clk 0:03:20]} cxd5
{[%clk 0:02:59]} 31. cxd5 {[%clk 0:03:47]} Red7 {[%clk 0:01:41]} 32. Qe2
{[%clk 0:01:59]} Qe5 {[%clk 0:01:16]} 33. Re1 {[%clk 0:02:24]} Re7
{[%clk 0:00:40]} 34. Bb3 {[%clk 0:01:11]} Rd6 {[%clk 0:00:36]} 35. Qd2
{[%clk 0:01:27]} b6 {[%clk 0:00:43]} 36. f4 {[%clk 0:01:38]} Qf5 {[%clk 0:00:44]}
37. Qe3 {[%clk 0:01:08]} Bf7 {[%clk 0:00:37]} 38. Rd1 {[%clk 0:00:48]} Bxd5
{[%clk 0:00:36]} 39. Bc2 {[%clk 0:00:43]} Ree6 {[%clk 0:00:34]} 40. Qe2
{[%clk 0:30:33]} Bc6 {[%clk 0:30:33]} 41. Rxd6 {[%clk 0:16:08]} Rxd6
{[%clk 0:29:14]} 42. Rc3 {[%clk 0:16:32]} Kh6 {[%clk 0:13:59]} 43. Qe3
{[%clk 0:11:10]} Qd7 {[%clk 0:08:06]} 44. f5+ {[%clk 0:02:09]} Kh7
{[%clk 0:08:19]} 45. Qxb6 {[%clk 0:02:37]} e3 {[%clk 0:01:37]} 46. Qxe3
{[%clk 0:02:46]} Bxa4 {[%clk 0:01:22]} 47. Bxa4 {[%clk 0:02:57]} Qxa4
{[%clk 0:01:45]} 48. Qg3 {[%clk 0:03:13]} Rd1+ {[%clk 0:00:37]} 49. Kh2
{[%clk 0:03:39]} Qd7 {[%clk 0:00:33]} 50. Rc7 {[%clk 0:02:44]} Qd6
{[%clk 0:00:34]} 51. Rxg7+ {[%clk 0:03:10]} Kh8 {[%clk 0:00:56]} 52. Rg8+
{[%clk 0:03:30]} Kh7 {[%clk 0:01:25]} 53. Rg7+ {[%clk 0:03:56]} Kh8
{[%clk 0:01:54]} 54. Rg6 {[%clk 0:02:36]} Kh7 {[%clk 0:02:14]} 55. Qxd6
{[%clk 0:01:51]} Rxd6 {[%clk 0:02:43]} 56. b3 {[%clk 0:01:08]} Rb6
{[%clk 0:01:41]} 57. g3 {[%clk 0:00:34]} Rxb3 {[%clk 0:00:34]} 58. Rxf6
{[%clk 0:01:02]} Rb5 {[%clk 0:00:57]} 59. g4 {[%clk 0:01:07]} Rb4
{[%clk 0:00:34]} 60. gxh5 {[%clk 0:01:01]} Rxh4+ 61. Kg3 Rxh5 {[%clk 0:00:53]}
62. Kg4 {[%clk 0:01:59]} Rh6 {[%clk 0:00:32]} 63. Rf7+ {[%clk 0:02:27]} Kg8
{[%clk 0:00:52]} 64. Ra7 {[%clk 0:02:28]} Rb6 {[%clk 0:01:08]} 65. Kg5
{[%clk 0:02:45]} Kf8 {[%clk 0:00:51]} 66. Rxa5 {[%clk 0:02:59]} Kf7
{[%clk 0:01:00]} 67. Ra7+ {[%clk 0:02:59]} Kf8 {[%clk 0:01:27]} 68. Rc7
{[%clk 0:03:08]} Ra6 {[%clk 0:01:42]} 69. Rb7 {[%clk 0:03:02]} Rc6
{[%clk 0:01:30]} 1/2-1/2

[Event "WYCC Open U18"]
[Site "Porto Carras"]
[Date "2015.10.28"]
[Round "4.8"]
[White "Sosa, Tomas"]
[Black "Tutisani, Noe"]
[Result "1-0"]
[BlackElo "2335"]
[WhiteElo "2405"]
[LiveChessVersion "1.4.6"]

1. e4 {[%clk 1:30:40]} c5 {[%clk 1:30:49]} 2. c3 {[%clk 1:30:35]} d6
{[%clk 1:31:11]} 3. d4 {[%clk 1:30:08]} Nf6 {[%clk 1:31:36]} 4. Bd3
{[%clk 1:29:21]} g6 {[%clk 1:32:00]} 5. Nf3 {[%clk 1:19:04]} Bg7 {[%clk 1:32:25]}
6. O-O {[%clk 1:19:11]} O-O {[%clk 1:32:49]} 7. dxc5 {[%clk 1:12:12]} dxc5
{[%clk 1:33:00]} 8. a4 {[%clk 1:11:43]} Nc6 {[%clk 1:31:11]} 9. h3
{[%clk 1:10:52]} Be6 {[%clk 1:29:13]} 10. Qe2 {[%clk 1:04:23]} Na5
{[%clk 1:19:49]} 11. Nbd2 {[%clk 1:04:20]} h6 {[%clk 1:18:46]} 12. Rb1
{[%clk 0:56:56]} Ba2 {[%clk 1:15:36]} 13. Ra1 {[%clk 0:57:25]} Be6
{[%clk 1:16:00]} 14. Ra3 {[%clk 0:46:07]} Nd7 {[%clk 1:10:14]} 15. Nc4
{[%clk 0:45:40]} Qc7 {[%clk 1:01:34]} 16. Be3 {[%clk 0:43:30]} Nc6
{[%clk 1:00:43]} 17. Nfd2 {[%clk 0:38:04]} Nd4 {[%clk 0:47:38]} 18. Qe1
{[%clk 0:32:05]} f5 {[%clk 0:36:22]} 19. exf5 {[%clk 0:20:51]} Bxf5
{[%clk 0:35:35]} 20. cxd4 {[%clk 0:21:05]} cxd4 {[%clk 0:35:31]} 21. Bxf5
{[%clk 0:21:28]} Rxf5 {[%clk 0:35:21]} 22. Bxh6 {[%clk 0:14:04]} Bxh6
{[%clk 0:35:46]} 23. Qxe7 {[%clk 0:12:26]} Qc6 {[%clk 0:33:42]} 24. Rg3
{[%clk 0:11:57]} Bf8 {[%clk 0:27:25]} 25. Qe4 {[%clk 0:12:15]} Qxe4
{[%clk 0:27:15]} 26. Nxe4 {[%clk 0:12:41]} Kg7 {[%clk 0:27:33]} 27. Rd1
{[%clk 0:11:48]} Nc5 {[%clk 0:20:57]} 28. Rxd4 {[%clk 0:10:18]} Nxa4
{[%clk 0:20:08]} 29. Ne3 {[%clk 0:10:23]} 1-0

[Event "WYCC Open U18"]
[Site "Porto Carras"]
[Date "2015.10.28"]
[Round "4.9"]
[White "Jarmula, Lukasz"]
[Black "Marek, Matyas"]
[Result "1-0"]
[BlackElo "2398"]
[WhiteElo "2321"]
[LiveChessVersion "1.4.6"]

1. e4 {[%clk 1:30:58]} c5 {[%clk 1:30:55]} 2. Nf3 {[%clk 1:31:23]} d6
{[%clk 1:31:23]} 3. d4 {[%clk 1:31:46]} cxd4 {[%clk 1:31:50]} 4. Nxd4
{[%clk 1:32:10]} Nf6 {[%clk 1:32:17]} 5. Nc3 {[%clk 1:32:32]} a6 {[%clk 1:32:45]}
6. Bg5 {[%clk 1:32:55]} Nbd7 {[%clk 1:33:09]} 7. Qe2 {[%clk 1:33:19]} h6
{[%clk 1:33:32]} 8. Bh4 {[%clk 1:33:43]} g6 {[%clk 1:33:48]} 9. f4
{[%clk 1:34:01]} e5 {[%clk 1:34:11]} 10. fxe5 {[%clk 1:34:21]} dxe5
{[%clk 1:34:40]} 11. O-O-O {[%clk 1:34:39]} Qc7 {[%clk 1:34:55]} 12. Nb3
{[%clk 1:34:56]} b5 {[%clk 1:34:54]} 13. Nd5 {[%clk 1:35:12]} Nxd5
{[%clk 1:34:59]} 14. exd5 {[%clk 1:35:34]} Bd6 {[%clk 1:35:10]} 15. Qd2
{[%clk 1:35:26]} Kf8 {[%clk 1:34:35]} 16. g4 {[%clk 1:35:17]} Kg7
{[%clk 1:33:47]} 17. Qg2 {[%clk 1:33:38]} Bb7 {[%clk 1:30:50]} 18. Bd3
{[%clk 1:28:56]} Nb6 {[%clk 1:24:07]} 19. Qf2 {[%clk 1:10:56]} Nxd5
{[%clk 1:14:39]} 20. Be4 {[%clk 1:00:04]} Nf4 {[%clk 1:13:03]} 21. Rxd6
{[%clk 0:59:20]} Bxe4 {[%clk 1:05:43]} 22. Bf6+ {[%clk 0:58:09]} Kh7
{[%clk 1:03:38]} 23. Rhd1 {[%clk 0:50:31]} Rhe8 {[%clk 1:01:47]} 24. Nc5
{[%clk 0:43:40]} Bc6 {[%clk 0:57:04]} 25. Rd7 {[%clk 0:41:51]} Bxd7
{[%clk 0:55:53]} 26. Rxd7 {[%clk 0:42:11]} Qc6 {[%clk 0:55:29]} 27. Rxf7+
{[%clk 0:33:21]} Kg8 {[%clk 0:55:52]} 28. Rg7+ {[%clk 0:33:43]} Kh8
{[%clk 0:56:12]} 29. Rf7+ {[%clk 0:25:19]} Kg8 {[%clk 0:56:36]} 30. Rg7+
{[%clk 0:25:45]} Kh8 {[%clk 0:57:02]} 31. Rxg6+ {[%clk 0:25:19]} Kh7
{[%clk 0:57:21]} 32. Rg7+ {[%clk 0:25:25]} Kh8 {[%clk 0:57:46]} 33. Rf7+
{[%clk 0:25:09]} Kg8 {[%clk 0:58:10]} 34. Rg7+ {[%clk 0:25:35]} Kh8
{[%clk 0:58:34]} 35. Rg6+ {[%clk 0:25:12]} Kh7 {[%clk 0:58:54]} 36. Rxh6+
{[%clk 0:25:10]} Kg8 {[%clk 0:58:49]} 37. b4 {[%clk 0:23:10]} Qd5
{[%clk 0:49:57]} 38. Qh4 {[%clk 0:21:35]} Ne2+ {[%clk 0:48:23]} 39. Kb2
{[%clk 0:21:32]} Qd4+ {[%clk 0:48:11]} 40. Ka3 {[%clk 0:51:56]} Qe3+
{[%clk 1:16:57]} 41. Nd3 {[%clk 0:50:32]} a5 {[%clk 1:16:11]} 42. Rg6+
{[%clk 0:50:25]} 1-0

[Event "WYCC Open U18"]
[Site "Porto Carras"]
[Date "2015.10.28"]
[Round "4.10"]
[White "Faizrakhmanov, Ramil"]
[Black "Wu, Christopher"]
[Result "1/2-1/2"]
[BlackElo "2324"]
[WhiteElo "2389"]
[LiveChessVersion "1.4.6"]

1. d4 {[%clk 1:30:54]} d5 {[%clk 1:30:37]} 2. c4 {[%clk 1:30:57]} dxc4
{[%clk 1:30:38]} 3. e3 {[%clk 1:29:48]} Nf6 {[%clk 1:30:45]} 4. Bxc4
{[%clk 1:29:40]} e6 {[%clk 1:30:57]} 5. Nf3 {[%clk 1:29:39]} c5 {[%clk 1:31:13]}
6. O-O {[%clk 1:26:53]} a6 {[%clk 1:31:27]} 7. dxc5 {[%clk 1:26:23]} Bxc5
{[%clk 1:30:56]} 8. Qxd8+ {[%clk 1:25:32]} Kxd8 {[%clk 1:31:20]} 9. Nbd2
{[%clk 1:22:55]} Nc6 {[%clk 1:27:33]} 10. Be2 {[%clk 1:17:26]} Ke7
{[%clk 1:24:54]} 11. b3 {[%clk 1:12:30]} b6 {[%clk 1:06:24]} 12. Ng5
{[%clk 0:59:34]} Bb7 {[%clk 0:48:28]} 13. Nde4 {[%clk 0:57:35]} Nxe4
{[%clk 0:46:59]} 14. Nxe4 {[%clk 0:57:57]} Nb4 {[%clk 0:43:58]} 15. Nxc5
{[%clk 0:55:06]} bxc5 {[%clk 0:44:19]} 16. a3 {[%clk 0:48:09]} Nd5
{[%clk 0:43:39]} 17. Bb2 {[%clk 0:44:32]} f6 {[%clk 0:42:56]} 18. Rac1
{[%clk 0:43:17]} Rhc8 {[%clk 0:39:56]} 19. Rc2 {[%clk 0:41:26]} a5
{[%clk 0:34:07]} 20. Rfc1 {[%clk 0:40:15]} Ba6 {[%clk 0:27:28]} 21. Bxa6
{[%clk 0:37:04]} Rxa6 {[%clk 0:27:52]} 22. Bd4 {[%clk 0:37:09]} Kd7
{[%clk 0:23:51]} 23. Bxc5 {[%clk 0:35:25]} Rac6 {[%clk 0:22:31]} 24. g3
{[%clk 0:27:52]} e5 {[%clk 0:20:11]} 25. Rc4 {[%clk 0:26:49]} Nc7
{[%clk 0:19:24]} 26. e4 {[%clk 0:18:45]} Na6 {[%clk 0:17:02]} 27. Be3
{[%clk 0:17:55]} Rxc4 {[%clk 0:17:20]} 28. bxc4 {[%clk 0:18:11]} Nc5
{[%clk 0:10:24]} 29. f3 {[%clk 0:11:43]} Kc6 {[%clk 0:10:18]} 30. Rb1
{[%clk 0:11:10]} Rd8 {[%clk 0:10:15]} 31. Rb5 {[%clk 0:10:54]} Rd1+
{[%clk 0:10:26]} 32. Kf2 {[%clk 0:10:26]} Nb7 {[%clk 0:10:43]} 33. Rb6+
{[%clk 0:07:38]} Kc7 {[%clk 0:11:05]} 34. c5 {[%clk 0:05:24]} Rd3
{[%clk 0:10:16]} 35. Re6 {[%clk 0:04:59]} Kd7 {[%clk 0:10:41]} 36. Ra6
{[%clk 0:04:54]} Rc3 {[%clk 0:10:44]} 37. Ke2 {[%clk 0:04:36]} Kc7
{[%clk 0:09:57]} 38. h4 {[%clk 0:03:57]} h5 {[%clk 0:09:01]} 39. g4
{[%clk 0:03:27]} hxg4 {[%clk 0:09:01]} 40. fxg4 {[%clk 0:33:53]} Rxa3
{[%clk 0:39:03]} 41. c6 {[%clk 0:22:04]} Nd6 {[%clk 0:39:05]} 42. Bc5
{[%clk 0:21:54]} Rh3 {[%clk 0:31:49]} 43. h5 {[%clk 0:16:01]} Nxe4
{[%clk 0:16:21]} 44. Bf8 {[%clk 0:16:22]} Rh4 {[%clk 0:15:55]} 45. Bxg7
{[%clk 0:14:41]} Rxg4 {[%clk 0:16:01]} 46. Kf3 {[%clk 0:14:36]} Rf4+
{[%clk 0:14:47]} 47. Ke3 {[%clk 0:12:48]} Nd6 {[%clk 0:11:53]} 48. h6
{[%clk 0:12:30]} Nf5+ {[%clk 0:11:16]} 49. Kd2 {[%clk 0:12:25]} Rh4
{[%clk 0:09:23]} 50. Bxf6 {[%clk 0:11:38]} Rxh6 {[%clk 0:09:43]} 51. Bxe5+
{[%clk 0:12:02]} Nd6 {[%clk 0:10:07]} 52. Kc3 {[%clk 0:12:14]} Rh5
{[%clk 0:08:46]} 53. Kd4 {[%clk 0:11:59]} Rh1 {[%clk 0:06:21]} 54. Kd5
{[%clk 0:11:15]} Rd1+ {[%clk 0:06:48]} 55. Ke6 {[%clk 0:11:27]} a4
{[%clk 0:06:30]} 56. Ke7 {[%clk 0:08:16]} Re1 {[%clk 0:06:43]} 57. Kf6
{[%clk 0:08:25]} Rf1+ {[%clk 0:07:04]} 58. Ke6 {[%clk 0:08:47]} Rd1
{[%clk 0:07:30]} 59. Bf4 {[%clk 0:07:27]} Rd4 {[%clk 0:06:51]} 60. Bg3
{[%clk 0:06:12]} Rd3 {[%clk 0:06:57]} 61. Be5 {[%clk 0:05:38]} Rd1
{[%clk 0:07:23]} 62. Kf6 {[%clk 0:04:26]} Rf1+ {[%clk 0:07:44]} 63. Kg6
{[%clk 0:04:34]} Rc1 {[%clk 0:06:55]} 64. Ra7+ {[%clk 0:04:20]} Kxc6
{[%clk 0:07:10]} 65. Ra6+ {[%clk 0:04:34]} Kb5 {[%clk 0:07:30]} 66. Rxd6
{[%clk 0:04:55]} Rc6 {[%clk 0:07:57]} 1/2-1/2

[Event "WYCC Open U18"]
[Site "Porto Carras"]
[Date "2015.10.28"]
[Round "4.11"]
[White "Nikolovski, Nikola"]
[Black "Sardana, Rishi"]
[Result "0-1"]
[BlackElo "2385"]
[WhiteElo "2212"]
[LiveChessVersion "1.4.6"]

1. e4 {[%clk 1:30:46]} e5 {[%clk 1:30:44]} 2. Nf3 {[%clk 1:30:54]} Nc6
{[%clk 1:31:08]} 3. d4 {[%clk 1:31:03]} exd4 {[%clk 1:31:20]} 4. Bc4
{[%clk 1:30:55]} Bc5 {[%clk 1:31:37]} 5. c3 {[%clk 1:31:03]} Nf6 {[%clk 1:31:55]}
6. cxd4 {[%clk 1:31:16]} Bb4+ {[%clk 1:32:15]} 7. Bd2 {[%clk 1:31:26]} Nxe4
{[%clk 1:19:25]} 8. Bxb4 {[%clk 1:31:21]} Nxb4 {[%clk 1:19:50]} 9. Bxf7+
{[%clk 1:31:34]} Kxf7 {[%clk 1:20:19]} 10. Qb3+ {[%clk 1:31:44]} Kf6
{[%clk 1:20:42]} 11. Ne5 {[%clk 0:59:19]} d5 {[%clk 1:07:38]} 12. Qxb4
{[%clk 0:59:16]} c5 {[%clk 1:06:14]} 13. Qa4 {[%clk 0:37:17]} Qb6
{[%clk 0:40:57]} 14. Nc3 {[%clk 0:33:59]} Rd8 {[%clk 0:35:30]} 15. Nd3
{[%clk 0:16:02]} c4 {[%clk 0:11:11]} 16. Nb4 {[%clk 0:15:57]} Nxc3
{[%clk 0:09:48]} 17. bxc3 {[%clk 0:16:21]} a5 {[%clk 0:07:25]} 18. O-O
{[%clk 0:15:47]} axb4 {[%clk 0:06:26]} 19. Qxa8 {[%clk 0:15:58]} Bd7
{[%clk 0:06:23]} 20. Qxd8+ {[%clk 0:14:29]} Qxd8 {[%clk 0:06:47]} 21. cxb4
{[%clk 0:14:49]} Qb6 {[%clk 0:06:54]} 22. a4 {[%clk 0:14:32]} Qxd4
{[%clk 0:04:14]} 23. b5 {[%clk 0:14:18]} Qc5 {[%clk 0:04:27]} 0-1

[Event "WYCC Open U18"]
[Site "Porto Carras"]
[Date "2015.10.28"]
[Round "4.12"]
[White "Szotkowski, Jakub"]
[Black "Harutyunian, Tigran K."]
[Result "1-0"]
[BlackElo "2459"]
[WhiteElo "2328"]
[LiveChessVersion "1.4.6"]

1. d4 {[%clk 1:30:55]} d5 {[%clk 1:30:45]} 2. c4 {[%clk 1:31:07]} c6
{[%clk 1:30:47]} 3. Nf3 {[%clk 1:31:02]} Nf6 {[%clk 1:31:08]} 4. e3
{[%clk 1:31:17]} e6 {[%clk 1:31:12]} 5. b3 {[%clk 1:31:26]} Nbd7 {[%clk 1:31:21]}
6. Bb2 {[%clk 1:31:43]} b6 {[%clk 1:30:50]} 7. Bd3 {[%clk 1:32:00]} Bb7
{[%clk 1:30:55]} 8. O-O {[%clk 1:32:18]} Bd6 {[%clk 1:31:09]} 9. Nbd2
{[%clk 1:32:30]} O-O {[%clk 1:30:48]} 10. Qe2 {[%clk 1:29:25]} c5
{[%clk 1:29:32]} 11. Rfd1 {[%clk 1:18:01]} cxd4 {[%clk 1:23:47]} 12. exd4
{[%clk 1:17:56]} Rc8 {[%clk 1:23:13]} 13. Ne5 {[%clk 1:17:31]} Qe7
{[%clk 1:22:52]} 14. Rac1 {[%clk 1:15:38]} Rfd8 {[%clk 1:22:11]} 15. h3
{[%clk 1:10:54]} h6 {[%clk 1:16:00]} 16. Re1 {[%clk 1:08:20]} Bb4
{[%clk 1:13:04]} 17. a3 {[%clk 1:05:12]} dxc4 {[%clk 0:59:12]} 18. bxc4
{[%clk 0:52:43]} Bxa3 {[%clk 0:48:47]} 19. Bxa3 {[%clk 0:51:10]} Qxa3
{[%clk 0:49:09]} 20. Nxf7 {[%clk 0:48:30]} Rf8 {[%clk 0:44:19]} 21. Ra1
{[%clk 0:43:17]} Qb4 {[%clk 0:28:38]} 22. Rxa7 {[%clk 0:40:38]} Rc7
{[%clk 0:26:05]} 23. Rb1 {[%clk 0:30:55]} Qc3 {[%clk 0:20:47]} 24. Nd6
{[%clk 0:29:43]} Bf3 {[%clk 0:15:35]} 25. Qxe6+ {[%clk 0:27:28]} Kh8
{[%clk 0:16:00]} 26. Rxc7 {[%clk 0:27:42]} Qxd2 {[%clk 0:15:16]} 27. Qe3
{[%clk 0:27:01]} Qxe3 {[%clk 0:08:34]} 28. fxe3 {[%clk 0:27:23]} Bh5
{[%clk 0:08:25]} 29. g4 {[%clk 0:26:24]} Be8 {[%clk 0:08:17]} 30. e4
{[%clk 0:25:22]} Bg6 {[%clk 0:08:36]} 31. Rc8 {[%clk 0:24:34]} Rxc8
{[%clk 0:07:57]} 32. Nxc8 {[%clk 0:24:58]} Bxe4 {[%clk 0:08:10]} 33. Bxe4
{[%clk 0:25:19]} Nxe4 {[%clk 0:08:37]} 34. Nxb6 {[%clk 0:24:49]} Nd2
{[%clk 0:09:02]} 35. Rb2 {[%clk 0:24:36]} Nxb6 {[%clk 0:09:26]} 36. Rxb6
{[%clk 0:24:46]} Nxc4 {[%clk 0:09:53]} 37. Rc6 {[%clk 0:24:50]} Ne3
{[%clk 0:09:46]} 38. Kf2 {[%clk 0:25:04]} Nd5 {[%clk 0:10:12]} 39. Rc8+
{[%clk 0:25:16]} Kh7 {[%clk 0:10:38]} 40. Kf3 {[%clk 0:55:41]} Kg6
{[%clk 0:41:02]} 41. h4 {[%clk 0:55:54]} Kf7 {[%clk 0:41:22]} 42. Rc6
{[%clk 0:55:54]} g6 {[%clk 0:40:40]} 43. g5 {[%clk 0:56:10]} h5 {[%clk 0:40:39]}
44. Ke4 {[%clk 0:56:31]} Ne7 {[%clk 0:41:00]} 45. Rf6+ {[%clk 0:56:53]} Ke8
{[%clk 0:40:54]} 46. d5 {[%clk 0:57:17]} 1-0

[Event "WYCC Open U18"]
[Site "Porto Carras"]
[Date "2015.10.28"]
[Round "4.13"]
[White "Vavulin, Maksim"]
[Black "Xu, Xianliang"]
[Result "1-0"]
[BlackElo "2306"]
[WhiteElo "2441"]
[LiveChessVersion "1.4.6"]

1. e4 {[%clk 1:30:57]} c5 {[%clk 1:30:50]} 2. Be2 {[%clk 1:31:11]} Nc6
{[%clk 1:29:57]} 3. f4 {[%clk 1:31:32]} g6 {[%clk 1:28:42]} 4. Nf3
{[%clk 1:31:53]} Bg7 {[%clk 1:28:32]} 5. O-O {[%clk 1:32:12]} d6 {[%clk 1:27:51]}
6. d3 {[%clk 1:31:58]} e6 {[%clk 1:26:35]} 7. c3 {[%clk 1:31:11]} Nge7
{[%clk 1:26:25]} 8. Be3 {[%clk 1:30:30]} O-O {[%clk 1:25:59]} 9. Nbd2
{[%clk 1:26:22]} Rb8 {[%clk 1:19:31]} 10. Rc1 {[%clk 1:23:15]} b6
{[%clk 1:12:38]} 11. a3 {[%clk 1:19:07]} a5 {[%clk 1:03:58]} 12. Kh1
{[%clk 1:10:00]} Bb7 {[%clk 0:59:38]} 13. d4 {[%clk 1:05:31]} Rc8
{[%clk 0:32:52]} 14. Qb3 {[%clk 1:00:43]} Qc7 {[%clk 0:29:32]} 15. Rfe1
{[%clk 0:55:36]} Nb8 {[%clk 0:27:18]} 16. c4 {[%clk 0:36:54]} Nd7
{[%clk 0:25:31]} 17. d5 {[%clk 0:36:54]} e5 {[%clk 0:22:26]} 18. fxe5
{[%clk 0:35:51]} Nxe5 {[%clk 0:22:09]} 19. Nxe5 {[%clk 0:36:06]} Bxe5
{[%clk 0:22:31]} 20. Nf3 {[%clk 0:31:20]} Bg7 {[%clk 0:22:28]} 21. Rcd1
{[%clk 0:26:40]} Rce8 {[%clk 0:18:00]} 22. Bf4 {[%clk 0:25:23]} f6
{[%clk 0:16:38]} 23. Bg3 {[%clk 0:19:17]} Bc8 {[%clk 0:15:22]} 24. h3
{[%clk 0:16:29]} Bd7 {[%clk 0:13:52]} 25. Bh2 {[%clk 0:16:39]} Nc8
{[%clk 0:13:40]} 26. Bd3 {[%clk 0:15:59]} Qd8 {[%clk 0:12:43]} 27. Qc2
{[%clk 0:14:44]} Qe7 {[%clk 0:11:05]} 28. b4 {[%clk 0:13:46]} axb4
{[%clk 0:10:05]} 29. axb4 {[%clk 0:14:15]} Qf7 {[%clk 0:09:15]} 30. bxc5
{[%clk 0:13:49]} bxc5 {[%clk 0:09:29]} 31. Rb1 {[%clk 0:13:42]} f5
{[%clk 0:05:52]} 32. exf5 {[%clk 0:04:38]} Rxe1+ {[%clk 0:05:41]} 33. Rxe1
{[%clk 0:05:07]} Bxf5 {[%clk 0:05:50]} 34. Bxf5 {[%clk 0:05:32]} Qxf5
{[%clk 0:05:46]} 35. Qxf5 {[%clk 0:05:54]} Rxf5 {[%clk 0:05:47]} 36. Rb1
{[%clk 0:06:18]} Rf8 {[%clk 0:03:40]} 37. Kg1 {[%clk 0:06:11]} Bf6
{[%clk 0:03:20]} 38. Kf2 {[%clk 0:04:43]} Kg7 {[%clk 0:02:41]} 39. Ke2
{[%clk 0:03:56]} Rf7 {[%clk 0:02:22]} 40. Rb8 {[%clk 0:33:15]} Rc7
{[%clk 0:31:13]} 41. Nd2 {[%clk 0:26:23]} Be7 {[%clk 0:29:17]} 42. Ne4
{[%clk 0:25:58]} Kf7 {[%clk 0:27:49]} 43. Bf4 {[%clk 0:22:58]} Kg7
{[%clk 0:25:19]} 44. Kd3 {[%clk 0:17:52]} h6 {[%clk 0:24:37]} 45. Bd2
{[%clk 0:16:33]} Na7 {[%clk 0:17:58]} 46. Ba5 {[%clk 0:14:33]} Rd7
{[%clk 0:18:19]} 47. Bb6 {[%clk 0:14:43]} Kf7 {[%clk 0:17:15]} 48. Kc3
{[%clk 0:14:23]} g5 {[%clk 0:15:48]} 49. g4 {[%clk 0:13:45]} Kg6 {[%clk 0:15:48]}
50. Ra8 {[%clk 0:13:51]} Rb7 {[%clk 0:16:12]} 51. Rxa7 {[%clk 0:14:04]} 1-0

[Event "WYCC Open U18"]
[Site "Porto Carras"]
[Date "2015.10.28"]
[Round "4.14"]
[White "Rahman, Adel"]
[Black "Suarez Gomez, Julio"]
[Result "1-0"]
[BlackElo "2427"]
[WhiteElo "2234"]
[LiveChessVersion "1.4.6"]

1. d4 {[%clk 1:30:57]} d5 {[%clk 1:30:47]} 2. c4 {[%clk 1:31:22]} e6
{[%clk 1:31:09]} 3. Nf3 {[%clk 1:31:45]} c6 {[%clk 1:29:40]} 4. g3
{[%clk 1:31:51]} dxc4 {[%clk 1:29:48]} 5. Bg2 {[%clk 1:32:17]} Nd7
{[%clk 1:30:07]} 6. O-O {[%clk 1:31:59]} Ngf6 {[%clk 1:30:30]} 7. Nc3
{[%clk 1:32:12]} Be7 {[%clk 1:28:37]} 8. e4 {[%clk 1:31:02]} Qa5 {[%clk 1:24:09]}
9. Qe2 {[%clk 1:20:22]} O-O {[%clk 1:18:39]} 10. e5 {[%clk 1:09:01]} Nd5
{[%clk 1:18:16]} 11. Qxc4 {[%clk 1:00:38]} N7b6 {[%clk 1:02:29]} 12. Qd3
{[%clk 0:58:19]} Nxc3 {[%clk 1:02:17]} 13. bxc3 {[%clk 0:58:27]} h6
{[%clk 1:00:45]} 14. Qe4 {[%clk 0:46:02]} Qxc3 {[%clk 0:43:19]} 15. Bd2
{[%clk 0:35:42]} Qa3 {[%clk 0:43:24]} 16. Rfb1 {[%clk 0:16:21]} f5
{[%clk 0:33:39]} 17. exf6 {[%clk 0:16:10]} Rxf6 {[%clk 0:33:57]} 18. Ne5
{[%clk 0:15:27]} Nd5 {[%clk 0:28:27]} 19. Bf1 {[%clk 0:13:50]} Rf5
{[%clk 0:21:34]} 20. g4 {[%clk 0:12:19]} Rf8 {[%clk 0:21:48]} 21. Bd3
{[%clk 0:11:21]} Nf6 {[%clk 0:21:34]} 22. Qg6 {[%clk 0:11:30]} Kh8
{[%clk 0:18:34]} 23. Bxh6 1-0

[Event "WYCC Open U18"]
[Site "Porto Carras"]
[Date "2015.10.28"]
[Round "4.15"]
[White "Serikbay, Chingiz"]
[Black "Garriga Cazorla, Pere"]
[Result "1/2-1/2"]
[BlackElo "2422"]
[WhiteElo "2204"]
[LiveChessVersion "1.4.6"]

1. e4 {[%clk 1:30:48]} c5 {[%clk 1:30:50]} 2. Nf3 {[%clk 1:31:07]} d6
{[%clk 1:31:06]} 3. d4 {[%clk 1:31:24]} cxd4 {[%clk 1:31:32]} 4. Nxd4
{[%clk 1:31:48]} Nf6 {[%clk 1:31:59]} 5. Nc3 {[%clk 1:32:09]} a6 {[%clk 1:32:25]}
6. h3 {[%clk 1:32:30]} e5 {[%clk 1:32:41]} 7. Nde2 {[%clk 1:32:53]} h5
{[%clk 1:33:07]} 8. g3 {[%clk 1:33:13]} Be7 {[%clk 1:32:34]} 9. Bg2
{[%clk 1:33:21]} O-O {[%clk 1:32:36]} 10. O-O {[%clk 1:33:21]} b5
{[%clk 1:31:22]} 11. Be3 {[%clk 1:18:13]} Bb7 {[%clk 1:21:13]} 12. f4
{[%clk 1:12:31]} Nbd7 {[%clk 1:19:14]} 13. Nd5 {[%clk 1:11:55]} Nxd5
{[%clk 1:16:30]} 14. exd5 {[%clk 1:11:07]} h4 {[%clk 1:14:54]} 15. g4
{[%clk 1:06:30]} exf4 {[%clk 1:13:21]} 16. Nxf4 {[%clk 0:57:33]} Ne5
{[%clk 0:55:11]} 17. Bd4 {[%clk 0:49:05]} Bf6 {[%clk 0:45:22]} 18. c3
{[%clk 0:44:06]} Re8 {[%clk 0:39:46]} 19. Nd3 {[%clk 0:27:59]} Bg5
{[%clk 0:29:17]} 20. Qc2 {[%clk 0:23:46]} Nc4 {[%clk 0:22:46]} 21. Qf2
{[%clk 0:22:46]} Qd7 {[%clk 0:23:09]} 22. Rfe1 {[%clk 0:19:29]} Bd2
{[%clk 0:22:29]} 23. Re4 {[%clk 0:16:50]} Rxe4 24. Bxe4 Re8 {[%clk 0:21:08]} 25.
Bf3 {[%clk 0:10:44]} Be3 {[%clk 0:15:06]} 26. Bxe3 {[%clk 0:11:10]} Nxe3
{[%clk 0:15:10]} 27. Nf4 {[%clk 0:09:48]} Nc4 {[%clk 0:15:15]} 28. Qxh4
{[%clk 0:08:16]} Nxb2 {[%clk 0:14:27]} 29. Re1 {[%clk 0:06:57]} Rxe1+
{[%clk 0:13:39]} 30. Qxe1 {[%clk 0:07:26]} Nc4 {[%clk 0:13:49]} 31. Kg2
{[%clk 0:04:34]} Qd8 {[%clk 0:12:59]} 32. Kg3 {[%clk 0:03:56]} g6
{[%clk 0:12:28]} 33. h4 {[%clk 0:03:24]} Ne5 {[%clk 0:12:49]} 34. Qe4
{[%clk 0:03:06]} Bc8 {[%clk 0:10:26]} 35. Qe3 {[%clk 0:01:53]} Bd7
{[%clk 0:07:49]} 36. Ne2 {[%clk 0:01:54]} Qc8 {[%clk 0:06:48]} 37. Qf4
{[%clk 0:01:41]} Qc4 {[%clk 0:03:05]} 1/2-1/2